| 000 | 00611nam a2200229 a 4500 | ||
|---|---|---|---|
| 999 |
_c996 _d996 |
||
| 008 | 191115r19952013ii ao||g |||| 00| 0aeng d | ||
| 020 |
_a9788189988548 _cRs. 499.00 |
||
| 040 |
_aKO _beng |
||
| 041 | 0 | _aeng | |
| 044 | _aii | ||
| 082 | 0 | 4 |
_223 _a363.2092 _bB3908 |
| 100 | 1 | _aBedi, Kiran | |
| 245 | 1 | 0 |
_aI Dare ! / _cKiran Bedi |
| 260 |
_aNew Delhi : _bHay House Publishers (India) Pvt. Ltd. , _c1995, reprinted 2013 |
||
| 300 |
_axiv, 378 p. : _bill. ; _c23 cm |
||
| 504 | _aIncludes Index. | ||
| 600 | _aBedi, Kiran | ||
| 650 | 0 |
_aPolice _vBiography _zIndia |
|
| 904 | _aA_BOSE | ||
| 942 | _cBK | ||